[Event "HUN-ch Rapid 2019"]
[Site "Ajka"]
[Date "2019.07.20"]
[Round "9.1"]
[White "Balog, Imre"]
[Black "Almasi, Zoltan"]
[Result "1/2-1/2"]
[WhiteElo "2566"]
[BlackElo "2687"]
[Annotator "TA"]
[PlyCount "109"]
[EventDate "2019.07.18"]
[EventType "swiss"]
[EventCountry "HUN"]
[SourceTitle "playchess.com"]
[Source "ChessBase"]
[SourceQuality "1"]

{[%evp 9,109,21,20,11,29,14,25,6,8,0,5,10,22,-6,-11,0,-6,-7,-7,-2,0,-16,-16,-28,-25,-19,-29,-29,-24,-27,-13,-37,-28,-41,-34,-40,-35,-42,-25,-21,-18,-43,-31,-29,-27,-44,-24,-34,-27,-43,-23,-33,-25,-33,-18,-33,-33,-42,0,-65,-66,-82,-80,-77,-76,-71,-60,-77,-67,-75,-72,-82,-56,-75,-63,-102,-104,-132,-140,-218,-222,-274,-274,-271,-269,-316,-108,-105,-104,-217,-234,-270,-128,-114,-8,-8,-8,-18,-8,-8,-8,-8]} 1. d4 Nf6 2. Bg5 d5 3. Nf3 c6 4. e3 Bg4 5. Be2 (5. Bxf6 exf6 6. c4 Bxf3 7. Qxf3 Bb4+ 8. Nd2 Bxd2+ 9. Kxd2 Qb6 10. Kc2 Na6 11. Rc1 O-O 12. Kb1 dxc4 13. Bxc4 {1-0 (28) Laznicka,V (2674)-Bobras,P (2554) Czechia 2013}) 5... Nbd7 6. O-O {D03: 1 d4 d5 2 Nf3 Nf6 3 Bg5, including Torre Attack with early ...d5} e6 7. c4 Be7 8. Nc3 {White has an edge.} O-O 9. Qb3 Qb6 $146 ({Predecessor:} 9... b6 10. a4 Ne4 11. Bf4 Bxf3 12. Bxf3 Nd2 {1-0 (33) Mahia,G (2393)-Campers,W ICC INT 2009}) 10. h3 Bh5 11. c5 Qxb3 12. axb3 Bxf3 13. Bxf3 e5 14. b4 a6 15. Rfd1 Rfe8 16. Kf1 exd4 17. exd4 Nf8 18. Be3 Ne6 19. Ne2 Rac8 20. Nc1 Bd8 21. Nb3 Bc7 22. g3 g6 23. Rd2 Ng7 24. Re2 Nf5 {Black wants to play ...Bxg3!} 25. Rae1 Nxe3+ 26. Rxe3 Kf8 27. Bg4 Rcd8 28. Nd2 h5 29. Rxe8+ Nxe8 30. Bd1 Ng7 31. Bc2 a5 32. Ra1 axb4 33. Ra4 Rb8 34. Nb3 (34. Nf3 $11) 34... Ne6 $15 35. Ke2 b6 36. cxb6 Rxb6 37. Kd3 Bd6 38. Bd1 c5 39. Ra8+ Kg7 40. dxc5 Nxc5+ 41. Ke2 Ne4 42. Bc2 Be5 43. Bxe4 dxe4 $17 {[%mdl 4096] Endgame KRB-KRN} 44. Ra2 (44. Re8 $17 Rb5 45. Nd2) 44... Rc6 $19 45. Ke3 f5 46. Ra4 Rb6 47. Nd2 Rb7 $2 {[#]} (47... Bxb2 $19 {has better winning chances. Threatens to win with ...b3.} 48. Nb3 Kf6) 48. Nc4 $17 Bf6 49. g4 (49. h4 $17 {only move.}) 49... Bg5+ $19 ({Don't take} 49... fxg4 50. hxg4 h4 51. Kxe4 $17) 50. Ke2 hxg4 (50... fxg4 $19 {and Black stays clearly on top.} 51. hxg4 h4) 51. hxg4 $17 {[#]} Bf4 ({Don't play} 51... fxg4 52. Nd6 $15) (51... f4 $1 $17 {And now ...f3+ would win.} 52. f3 e3) 52. gxf5 $11 {The position is equal.} gxf5 53. Ne3 Kg6 54. Nd5 $1 {[%cal Rd5f4]} Be5 {aiming for ...b3.} 55. Rxb4 {Accuracy: White = 29%, Black = 49%.} 1/2-1/2

[Event "HUN-ch Rapid 2019"]
[Site "Ajka"]
[Date "2019.07.20"]
[Round "9.2"]
[White "Papp, Gabor"]
[Black "Gledura, Benjamin"]
[Result "1-0"]
[WhiteElo "2587"]
[BlackElo "2654"]
[Annotator "TA"]
[PlyCount "105"]
[EventDate "2019.07.18"]
[EventType "swiss"]
[EventCountry "HUN"]
[SourceTitle "playchess.com"]
[Source "ChessBase"]
[SourceQuality "1"]

{[%evp 16,105,19,3,11,9,16,16,21,16,20,16,18,16,20,0,14,10,0,-10,20,-3,24,0,0,-33,-34,-47,-43,-74,0,-9,0,0,0,-6,0,0,0,0,29,33,36,36,36,39,158,158,157,157,157,78,157,0,157,0,157,0,157,157,243,230,302,253,409,390,1388,901,514,270,1539,1246,1206,1121,2352,2173,29968,29970,29966,29971,29970,29972,29971,29967,29952,9400,6331,6315,6299,6179,29981,6133]} 1. e4 e5 2. Nf3 Nc6 3. Bb5 a6 4. Ba4 Nf6 5. O-O Be7 6. d3 b5 7. Bb3 O-O 8. Nc3 d6 9. a3 Be6 {C77: Ruy Lopez: 3...a6 4 Ba4 Nf6, unusual lines} (9... Na5 10. Ba2 Be6 11. b4 Bxa2 12. Rxa2 Nc6 13. Bg5 Ng4 14. Bd2 Nf6 15. Re1 Qd7 16. Nd5 Nxd5 17. exd5 {½-½ (37) Anand,V (2774)-Svidler,P (2735) Karlsruhe/Baden Baden 2019}) 10. Nd5 Nd4 11. Nxd4 exd4 {The position is equal.} 12. Nxf6+ Bxf6 13. Bxe6 fxe6 14. Qg4 Qd7 15. f4 $146 ({Predecessor:} 15. Bd2 c5 {0-1 (55) Dai,C (2437)-Xu,Y (2482) Shenzhen 2017}) 15... c5 16. Bd2 c4 17. Rae1 Rac8 18. e5 dxe5 19. fxe5 Be7 20. Bh6 {[%csl Gh6][%cal Rg4g7]} Bc5 21. h4 Kh8 22. Bg5 Qd5 (22... a5 $17) 23. h5 $11 Rxf1+ 24. Rxf1 Rf8 $1 ({Reject} 24... Qxe5 $6 25. h6 $18) 25. Rxf8+ Bxf8 26. Qf4 $40 {[%cal Rf4f8][%mdl 128] White has some attack.} Kg8 27. h6 gxh6 28. Bf6 {Threatens to win with Qg4+.} Kf7 29. Qg4 {[%mdl 1024] aiming for Qh5+. White has compensation.} Qc6 30. Kh2 c3 (30... Qd7 $14) 31. b4 $16 Qd7 32. Qe4 Kg8 33. Qa8 ({White should try} 33. Kh3) 33... Kf7 (33... Qf7 $142) 34. Qe4 Kg8 $1 35. Qg4+ Kf7 $1 36. Qe4 Kg8 $1 37. Kg1 Bg7 (37... Qc8 $16 38. Qg4+ (38. Qxd4 h5 $16) 38... Kf7 39. Qxd4 Qc6) 38. Qg4 $18 h5 39. Qxh5 Bxf6 $2 (39... Bf8 40. Qh4 Bg7) 40. exf6 {[%mdl 4096] Endgame KQ-KQ} Kf8 $2 (40... Qf7 41. Qg4+ {[%mdl 64] Double Attack} Kh8) 41. Qh6+ Kg8 42. Kf2 Qb7 $2 (42... e5 43. Qg5+ Kf7 44. Qxe5 Kg6) 43. g4 Qd7 44. g5 e5 45. Kg3 e4 {[#]} 46. g6 $1 hxg6 47. Qxg6+ {[%mdl 64] Double Attack} Kf8 48. Qxe4 Qd6+ 49. Qf4 Qe6 50. Qh6+ (50. Qxd4 $142 Kf7 51. Kf4 Qh3 52. Qxc3 Qh4+ 53. Kf5 Qh5+ 54. Ke4 Qg4+ 55. Ke5) 50... Ke8 51. Qh8+ Kd7 52. Qg7+ Kd6 {[#]} 53. Qe7+ $1 {[%mdl 512] Accuracy: White = 55%, Black = 42%.} 1-0

[Event "HUN-ch Rapid 2019"]
[Site "Ajka"]
[Date "2019.07.20"]
[Round "9.3"]
[White "Banusz, Tamas"]
[Black "Horvath, Adam"]
[Result "0-1"]
[WhiteElo "2626"]
[BlackElo "2517"]
[Annotator "TA"]
[PlyCount "126"]
[EventDate "2019.07.18"]
[EventType "swiss"]
[EventCountry "HUN"]
[SourceTitle "playchess.com"]
[Source "ChessBase"]
[SourceQuality "1"]

{[%evp 9,126,6,16,9,12,12,22,13,27,20,34,-6,12,0,0,4,7,23,11,6,0,3,6,0,7,2,7,2,17,8,12,0,0,0,6,0,39,39,39,36,39,39,39,39,39,39,92,39,41,32,53,32,35,0,35,41,58,35,43,35,35,35,35,35,37,21,178,164,178,84,221,220,241,227,341,197,198,111,128,64,59,23,82,0,0,0,0,0,0,0,0,0,0,0,0,0,0,0,0,0,0,0,0,0,0,0,0,-52,0,0,0,0,0,-8,29973,-29982,-29983,-29983,-29984]} 1. d4 Nf6 2. Nf3 e6 3. g3 b5 4. Bg2 Bb7 5. O-O d5 6. a4 {A46: 1 d4 Nf6 2 Nf3 e6: Torre, London and Colle Systems} b4 7. c4 (7. a5 Be7 8. c3 O-O 9. cxb4 Bxb4 10. Qb3 Qe7 11. Bd2 Na6 12. Rc1 Rab8 13. Bxb4 Nxb4 {½-½ (25) Meier,G (2628)-Vallejo Pons,F (2693) Karlsruhe/Baden Baden 2019}) 7... bxc3 8. Nxc3 {The position is equal.} Be7 9. Qb3 Ba6 10. Re1 $146 ({Predecessor:} 10. Bf4 Nh5 11. Ne5 Nxf4 12. gxf4 f6 13. Nd3 Nc6 {1-0 (47) Xu,X (2549)-Dai,C (2437) Sanya 2017}) 10... O-O 11. e4 Bc4 12. Qd1 Nxe4 13. Nxe4 dxe4 14. Ne5 Bd5 15. Bxe4 Bxe4 16. Rxe4 Qd5 17. Qc2 Nd7 18. Nc6 Rfe8 19. Bf4 Bd6 20. Bd2 Nf6 21. Ree1 h5 22. h4 Qf3 23. Re3 Qd5 24. b4 Ng4 25. Re2 Nf6 26. Rc1 Qf3 27. Re3 Qg4 (27... Qd5 $14) 28. Qd1 (28. Kg2 $1 $16) 28... Qh3 29. Qf1 Qg4 30. Qg2 Nd5 31. Re4 Qg6 32. Qf3 Nf6 33. Re2 Nd5 34. b5 $36 {[%mdl 2048] White is more active.} a6 35. bxa6 Rxa6 36. a5 Rea8 37. Kg2 Ne7 $2 (37... Qf5 $11 {and Black stays safe.}) 38. Nxe7+ $18 Bxe7 39. Re5 (39. d5 $18 {and White stays clearly on top.}) 39... Bf6 (39... Qg4 $16) 40. Rxh5 Bxd4 41. Rxc7 e5 (41... Qf6 {is a better defense.} 42. Qxf6 Bxf6) 42. Rg5 (42. Rf5 $142) 42... Qe6 {[#]} 43. h5 (43. Rf5 $1 $18) 43... R8a7 44. Rxa7 (44. Rc1 $16) 44... Rxa7 $14 45. Qe4 Ra6 (45... Rc7 $1 $11 {remains equal.}) 46. h6 (46. Rf5 $16) 46... g6 $1 $11 47. Rg4 Kh7 (47... f5 $5 48. Qb7 $8 Qc6+ 49. Qxc6 Rxc6 $11) 48. Rh4 Ra7 49. Rh1 f5 50. Qf3 e4 51. Qd1 Qc6 {Threatens to win with ...e3+.} 52. Qc1 Qd5 {And now ...e3+ would win.} 53. Be3 Bxe3 54. Qxe3 Rxa5 {[%mdl 4096] Endgame KQR-KQR} 55. Rc1 {Threatening mate with Rc7+.} Qb7 56. Kh2 Rd5 57. Qf4 {Strongly threatening Rc7+.} Rd7 58. Rc5 {[#]} (58. Rc2 $11) 58... Qb2 (58... e3 $1 $15 {[%mdl 512]}) 59. Re5 Qb7 60. Re6 {White wants to mate with Qg5.} Re7 61. Rf6 {Qg5 is the strong threat.} e3 $2 {[%mdl 8192]} (61... Qb2 $11 62. Rc6 Qe5) 62. fxe3 $4 {[%mdl 8192]} (62. Qg5 {is the narrow road to win.} Qc8 63. Qxg6+ Kh8 64. Rxf5 Qe8 65. Qf6+ Kh7 66. Rg5 Qf7 67. Rg7+ Qxg7 68. hxg7 Rxg7 69. fxe3) 62... Qb2+ {[%mdl 64] Double Attack} 63. Kh3 Qxf6 {Accuracy: White = 45%, Black = 42%.} 0-1

[Event "HUN-ch Rapid 2019"]
[Site "Ajka"]
[Date "2019.07.20"]
[Round "9.4"]
[White "Mihok, Oliver"]
[Black "Hera, Imre Jr."]
[Result "0-1"]
[WhiteElo "2550"]
[BlackElo "2610"]
[Annotator "RC"]
[PlyCount "82"]
[EventDate "2019.07.18"]
[EventType "swiss"]
[EventCountry "HUN"]
[SourceTitle "playchess.com"]
[Source "ChessBase"]
[SourceQuality "1"]
[TimeControl "1200+5"]

1. e4 {[%emt 0:00:02]} e5 {[%emt 0:00:06]} 2. Nf3 {[%emt 0:00:02]} d6 {[%emt 0:00:01]} 3. d4 {[%emt 0:00:05]} exd4 {[%emt 0:00:02]} 4. Nxd4 {[%emt 0:00:02]} Nf6 {[%emt 0:00:02]} 5. Nc3 {[%emt 0:00:01]} Be7 {[%emt 0:00:01]} 6. Be2 {[%emt 0:00:03]} O-O {[%emt 0:00:04]} 7. Bf4 {[%emt 0:00:02]} Re8 {[%emt 0:00:01]} 8. Qd2 {[%emt 0:00:09]} Nc6 {[%emt 0:00:02]} 9. O-O-O {[%emt 0:00:25]} Nxd4 {[%emt 0:00:06]} 10. Qxd4 {[%emt 0:00:02]} Be6 {[%emt 0:00:02]} 11. Kb1 {[%emt 0:01:29]} a6 {[%emt 0:00:05]} 12. f3 {[%emt 0:00:28]} b5 {[%emt 0:00:14]} 13. g4 {[%emt 0:00:34]} c5 {[%emt 0:00:13]} 14. Qd2 {[%emt 0:00:03]} b4 {[%emt 0:00:13]} 15. Nd5 {[%emt 0:00:06]} Nxd5 {[%emt 0:00:16]} 16. exd5 {[%emt 0:00:02]} Bd7 {[%emt 0:00:01]} 17. Bd3 {[%emt 0:01:31]} Bb5 {[%emt 0:00:41]} 18. Be4 {[%emt 0:00:04]} Bf6 {[%emt 0:00:14]} 19. g5 {[%emt 0:00:06]} Be5 {[%emt 0:00:14]} 20. h4 {[%emt 0:00:20]} a5 {[%emt 0:00:12]} 21. h5 {[%emt 0:00:34]} c4 {[%emt 0:01:13]} 22. g6 {[%emt 0:00:17]} c3 {[%emt 0:00:30]} 23. Qh2 {[%emt 0:01:56]} Qf6 {[%emt 0:01:18]} 24. Bxe5 {[%emt 0:00:31]} Rxe5 {[%emt 0:01:38]} 25. gxf7+ {[%emt 0:04:02]} Qxf7 {[%emt 0:00:25]} 26. Qg1 {[%emt 0:02:48]} Be2 {[%emt 0:01:26]} 27. Re1 {[%emt 0:00:52]} Bxf3 {[%emt 0:00:17]} 28. Bxf3 {[%emt 0:00:24]} Qxf3 {[%emt 0:01:54]} 29. h6 {[%emt 0:00:06]} g6 {[%emt 0:01:14]} 30. Rf1 {[%emt 0:01:32]} Qe3 {[%emt 0:02:09]} 31. Qg4 {[%emt 0:01:00]} Rae8 {[%emt 0:00:05]} 32. Rd1 {[%emt 0:00:51]} Qe4 {[%emt 0:00:48]} 33. Qd7 {[%emt 0:00:16]} R5e7 {[%emt 0:00:03]} 34. Qh3 {[%emt 0:00:04]} a4 {[%emt 0:01:35]} 35. bxc3 {[%emt 0:00:34]} b3 {[%emt 0:00:07]} 36. Qd3 {[%emt 0:00:17]} bxc2+ {[%emt 0:00:17]} 37. Qxc2 {[%emt 0:00:22]} Rb7+ {[%emt 0:00:19]} 38. Kc1 {[%emt 0:00:01]} Qe3+ {[%emt 0:00:53]} 39. Rd2 {[%emt 0:00:24]} Rc8 {[%emt 0:00:21]} 40. c4 {[%emt 0:00:01]} Rb4 {[%emt 0:00:17]} 41. Rh4 {[%emt 0:00:43]} Qe1+ {[%emt 0:00:04]} 0-1

[Event "HUN-ch Rapid 2019"]
[Site "Ajka"]
[Date "2019.07.20"]
[Round "9.5"]
[White "Prohaszka, Peter"]
[Black "Popovics, Adam"]
[Result "1/2-1/2"]
[WhiteElo "2598"]
[BlackElo "2365"]
[Annotator "ChessBase"]
[PlyCount "90"]
[EventDate "2019.07.18"]
[EventType "swiss"]
[EventCountry "HUN"]
[SourceTitle "playchess.com"]
[Source "ChessBase"]
[SourceQuality "1"]
[TimeControl "1200+5"]

1. d4 {[%emt 0:00:01]} Nf6 {[%emt 0:00:02]} 2. c4 {[%emt 0:00:01]} g6 {[%emt 0:00:02]} 3. g3 {[%emt 0:00:02]} c5 {[%emt 0:00:27]} 4. Nf3 {[%emt 0:00:11]} Bg7 {[%emt 0:00:14]} 5. Bg2 {[%emt 0:00:06]} cxd4 {[%emt 0:00:18]} 6. Nxd4 {[%emt 0:00:01]} Nc6 {[%emt 0:00:01]} 7. O-O {[%emt 0:00:08]} O-O {[%emt 0:00:02]} 8. Nc3 {[%emt 0:00:05]} d6 {[%emt 0:00:15]} 9. e3 {[%emt 0:00:42]} Bd7 {[%emt 0:00:06]} 10. Nde2 {[%emt 0:00:26]} Rc8 {[%emt 0:00:17]} 11. b3 {[%emt 0:00:08]} a6 {[%emt 0:00:05]} 12. Bb2 {[%emt 0:00:28]} Qa5 {[%emt 0:00:05]} 13. a4 {[%emt 0:01:05]} Rfd8 {[%emt 0:00:48]} 14. h3 {[%emt 0:00:09]} Be8 {[%emt 0:00:35]} 15. Rb1 {[%emt 0:01:04]} Rb8 {[%emt 0:01:05]} 16. Ba3 {[%emt 0:00:25]} Qc7 {[%emt 0:00:28]} 17. Qd2 {[%emt 0:00:31]} Ne5 {[%emt 0:00:17]} 18. Rfc1 {[%emt 0:00:23]} Rbc8 {[%emt 0:01:01]} 19. Nf4 {[%emt 0:01:17]} Qb8 {[%emt 0:01:53]} 20. Ncd5 {[%emt 0:01:46]} Nxd5 {[%emt 0:00:03]} 21. Nxd5 {[%emt 0:00:01]} Kf8 {[%emt 0:00:06]} 22. a5 {[%emt 0:00:16]} Bc6 {[%emt 0:00:17]} 23. f4 {[%emt 0:00:52]} Nd7 {[%emt 0:00:15]} 24. b4 {[%emt 0:00:35]} b5 {[%emt 0:00:45]} 25. axb6 {[%emt 0:01:13]} Nxb6 {[%emt 0:00:08]} 26. b5 {[%emt 0:02:34]} axb5 {[%emt 0:03:04]} 27. cxb5 {[%emt 0:00:51]} Bxd5 {[%emt 0:00:02]} 28. Bxd5 {[%emt 0:00:02]} Qa7 {[%emt 0:00:09]} 29. Rxc8 {[%emt 0:00:19]} Rxc8 {[%emt 0:00:01]} 30. Bc1 {[%emt 0:00:36]} Nxd5 {[%emt 0:00:08]} 31. Qxd5 {[%emt 0:00:02]} Rxc1+ {[%emt 0:00:01]} 32. Rxc1 {[%emt 0:00:01]} Qxe3+ {[%emt 0:00:02]} 33. Kh2 {[%emt 0:00:01]} Bd4 {[%emt 0:00:20]} 34. Rc8+ {[%emt 0:02:00]} Kg7 {[%emt 0:00:02]} 35. Qg2 {[%emt 0:00:03]} h5 {[%emt 0:00:57]} 36. h4 {[%emt 0:00:02]} e5 {[%emt 0:00:10]} 37. fxe5 {[%emt 0:01:40]} Bxe5 {[%emt 0:00:01]} 38. Rc7 {[%emt 0:00:58]} Qb6 {[%emt 0:00:40]} 39. Rb7 {[%emt 0:00:14]} Qd4 {[%emt 0:00:04]} 40. Qf3 {[%emt 0:01:10]} Qxh4+ {[%emt 0:00:05]} 41. Kg2 {[%emt 0:00:06]} Qc4 {[%emt 0:00:04]} 42. b6 {[%emt 0:00:04]} Qc2+ {[%emt 0:00:32]} 43. Kh3 {[%emt 0:00:20]} Qc8+ {[%emt 0:00:02]} 44. Kg2 {[%emt 0:00:01]} Qc2+ {[%emt 0:00:02]} 45. Kh3 {[%emt 0:00:28]} Qc8+ {[%emt 0:00:04]} 1/2-1/2

[Event "HUN-ch Rapid 2019"]
[Site "Ajka"]
[Date "2019.07.20"]
[Round "9.6"]
[White "Aczel, Gergely"]
[Black "Czebe, Attila"]
[Result "1/2-1/2"]
[WhiteElo "2540"]
[BlackElo "2436"]
[Annotator "TA"]
[PlyCount "149"]
[EventDate "2019.07.18"]
[EventType "swiss"]
[EventCountry "HUN"]
[SourceTitle "playchess.com"]
[Source "ChessBase"]
[SourceQuality "1"]

{[%evp 11,149,40,47,34,46,51,60,38,21,11,18,22,27,25,16,15,12,17,17,-31,-23,-38,-29,-27,21,11,37,-16,37,37,37,37,70,25,62,58,67,42,61,17,23,21,40,0,0,0,3,0,0,0,0,8,69,45,31,31,45,45,45,45,45,45,91,91,91,91,91,91,91,91,91,91,115,45,45,45,45,45,119,80,138,83,347,340,339,339,318,297,294,284,368,298,1035,795,4618,3833,5159,5068,29956,5616,29970,29971,29970,29971,29966,584,29985,0,0,0,0,0,0,0,0,0,0,0,0,0,0,0,0,0,0,0,0,0,0,0,0,0,0,0,0,0,0,0,0,0]} 1. d4 d6 2. e4 Nf6 3. f3 e5 4. dxe5 dxe5 5. Qxd8+ Kxd8 6. Bc4 Ke8 7. a4 {B07: Pirc Defence: Miscellaneous Systems} (7. Ne2 Bc5 8. Bd2 Nbd7 9. Nc1 Ke7 10. a4 a5 11. Nb3 Bb6 12. Bc3 Ne8 13. Na3 Nd6 14. O-O-O f6 {1-0 (43) Vallejo Pons,F (2707)-Onischuk,V (2637) Riadh 2017}) 7... a5 8. Ne2 Bc5 9. Nd2 {White is slightly better.} Ke7 10. b3 Ne8 $146 ({Predecessor:} 10... Re8 11. Bb2 Kf8 12. O-O-O c6 13. Kb1 b6 14. h3 Ra7 {½-½ (37) Aczel,G (2499)-Czebe,A (2459) Corund 2016}) 11. Bb2 Nc6 12. O-O-O Nd6 13. Bd5 f6 14. Bxc6 bxc6 15. Nc3 Be6 16. Ncb1 h5 (16... Rhd8 {with more complications.} 17. Rhe1 Kf7 18. Nf1 Bb4 19. Nbd2 h5) 17. Ba3 Bxa3+ (17... Bd4 {looks sharper.} 18. Rhe1 Kf7 19. Nf1 Rhd8 20. Ne3 Rab8) 18. Nxa3 h4 19. h3 (19. Nf1 $14) 19... g6 (19... Rhb8 $11) 20. Rhe1 $14 c5 21. Re3 Rh5 22. Rde1 Rg5 23. R1e2 c4 24. Naxc4 Nxc4 25. Nxc4 (25. bxc4 {feels hotter.} Rh5 26. Rb3 Bd7 27. Ra3 Be6 28. Kb2) 25... Bxc4 26. bxc4 {[%mdl 4096] Endgame KRR-KRR} Rb8 $1 27. Rb3 (27. c3 {is interesting.} Rb3 28. Rd3 Rg3 29. c5 Ke6 30. c6) 27... Rxb3 $1 28. cxb3 $11 {KR-KR} Kd6 $1 29. Kd2 Kc5 30. Kc3 c6 31. Ra2 f5 (31... Rg3 $11) 32. exf5 gxf5 33. Re2 e4 34. fxe4 {Hoping for e5.} Rg3+ 35. Kb2 fxe4 36. Rxe4 {Strongly threatening Rg4.} Kb4 37. c5+ $1 Kxc5 38. Rg4 Re3 39. Rxh4 Re2+ 40. Kc3 {aiming for Rh5+.} Rxg2 41. Rc4+ Kb6 42. Kd4 (42. Rg4 $16 Rh2 43. h4) 42... Rg3 $14 43. Rc3 c5+ 44. Kc4 Rg1 ({Better is} 44... Rg5 $14) 45. Kd5 Rd1+ (45... Rg5+ $142 46. Ke4 Rh5) 46. Ke4 (46. Ke5 $142) 46... Kc6 $2 {[%mdl 8192]} (46... Rd8 $16) 47. Kf5 $18 Rf1+ 48. Kg4 Rg1+ 49. Rg3 Rc1 50. Kg5 $1 c4 {[#]} 51. bxc4 $1 Ra1 $2 (51... Rxc4 52. Rg4 Rc1) 52. h4 Rxa4 {[#]} 53. Rg4 $1 ({Less strong is} 53. h5 Rxc4 54. h6 Kb5 $16) 53... Rb4 54. h5 Kc5 55. h6 a4 56. h7 Rb8 57. Kh6 a3 58. Rg8 (58. Rg3 $142 a2 59. Ra3 Rf8 60. Rxa2 Kxc4 61. Kg7 Re8 62. h8=Q Rxh8 63. Kxh8) 58... Rb1 {intending ...Rh1+.} 59. Ra8 $2 (59. Rg5+ {mates} Kxc4 60. h8=Q Rh1+ 61. Rh5 Rxh5+ 62. Kxh5 Kb4 63. Qe5 Kc4 64. Qa5) 59... Rh1+ $11 {The position is equal.} 60. Kg7 (60. Kg6 $5 {[%cal Ra8a5]} Rg1+ 61. Kf7 Rf1+ 62. Kg8 Rg1+ 63. Kf8 Rf1+ 64. Kg7 Rg1+ 65. Kh8 $11) 60... Rg1+ 61. Kf6 Rf1+ 62. Kg6 Rg1+ 63. Kf5 Rh1 64. Kg6 {Ra5+ is the strong threat.} Rg1+ 65. Kf6 Rf1+ 66. Ke5 Re1+ 67. Kf4 Rh1 68. h8=Q Rxh8 69. Rxh8 Kxc4 {KR-KP} 70. Ke3 a2 71. Ra8 Kb3 72. Kd2 {Intending Kc1 and mate.} Kb2 73. Rb8+ Ka1 74. Ra8 Kb2 75. Rxa2+ {Accuracy: White = 58%, Black = 45%.} 1/2-1/2

[Event "HUN-ch Rapid 2019"]
[Site "Ajka"]
[Date "2019.07.20"]
[Round "9.7"]
[White "Vertetics, Attila"]
[Black "Horvath, Peter"]
[Result "1/2-1/2"]
[WhiteElo "2438"]
[BlackElo "2418"]
[Annotator "NA"]
[PlyCount "58"]
[EventDate "2019.07.18"]
[EventType "swiss"]
[EventCountry "HUN"]
[SourceTitle "playchess.com"]
[Source "ChessBase"]
[SourceQuality "1"]
[TimeControl "1200+5"]

1. d4 {[%emt 0:00:01]} d5 {[%emt 0:00:03]} 2. c4 {[%emt 0:00:02]} e6 {[%emt 0:00:02]} 3. Nc3 {[%emt 0:00:02]} Bb4 {[%emt 0:00:03]} 4. cxd5 {[%emt 0:00:06]} exd5 {[%emt 0:00:03]} 5. Nf3 {[%emt 0:00:05]} Nf6 {[%emt 0:00:03]} 6. Bg5 {[%emt 0:00:10]} Nbd7 {[%emt 0:00:03]} 7. e3 {[%emt 0:01:42]} c5 {[%emt 0:00:02]} 8. Bxf6 {[%emt 0:00:32]} Qxf6 {[%emt 0:01:05]} 9. a3 {[%emt 0:00:51]} Bxc3+ {[%emt 0:00:42]} 10. bxc3 {[%emt 0:00:01]} c4 {[%emt 0:00:23]} 11. Nd2 {[%emt 0:00:19]} O-O {[%emt 0:00:22]} 12. g3 {[%emt 0:01:14]} Qh6 {[%emt 0:03:02]} 13. Bg2 {[%emt 0:00:26]} Nf6 {[%emt 0:00:03]} 14. O-O {[%emt 0:04:52]} Bf5 {[%emt 0:00:04]} 15. Re1 {[%emt 0:00:11]} Rfe8 {[%emt 0:01:04]} 16. Ra2 {[%emt 0:00:24]} Bd3 {[%emt 0:01:54]} 17. Rb2 {[%emt 0:00:28]} Ne4 {[%emt 0:00:10]} 18. Nxe4 {[%emt 0:00:04]} dxe4 {[%emt 0:00:04]} 19. Rxb7 {[%emt 0:02:57]} Qa6 {[%emt 0:00:31]} 20. Rb4 {[%emt 0:00:02]} Qxa3 {[%emt 0:02:17]} 21. Qa1 {[%emt 0:00:01]} Qxa1 {[%emt 0:00:19]} 22. Rxa1 {[%emt 0:00:00]} a5 {[%emt 0:00:03]} 23. Rba4 {[%emt 0:00:37]} Reb8 {[%emt 0:00:28]} 24. f3 {[%emt 0:00:03]} f5 {[%emt 0:00:13]} 25. fxe4 {[%emt 0:00:03]} fxe4 {[%emt 0:00:02]} 26. Rxa5 {[%emt 0:00:23]} Rxa5 {[%emt 0:00:21]} 27. Rxa5 {[%emt 0:00:01]} Rb1+ {[%emt 0:00:21]} 28. Kf2 {[%emt 0:00:01]} Rb2+ {[%emt 0:00:02]} 29. Kg1 {[%emt 0:00:01]} Rb3 1/2-1/2

[Event "HUN-ch Rapid 2019"]
[Site "Ajka"]
[Date "2019.07.20"]
[Round "9.8"]
[White "Farago, Sandor"]
[Black "Ruck, Robert"]
[Result "0-1"]
[WhiteElo "2210"]
[BlackElo "2524"]
[Annotator "ChessBase"]
[PlyCount "90"]
[EventDate "2019.07.18"]
[EventType "swiss"]
[EventCountry "HUN"]
[SourceTitle "playchess.com"]
[Source "ChessBase"]
[SourceQuality "1"]
[TimeControl "1200+5"]

1. e4 {[%emt 0:00:03]} c6 {[%emt 0:00:25]} 2. d4 {[%emt 0:00:02]} d5 {[%emt 0:00:01]} 3. Nc3 dxe4 4. Nxe4 {[%emt 0:00:10]} Bf5 {[%emt 0:00:07]} 5. Ng3 {[%emt 0:00:06]} Bg6 {[%emt 0:00:01]} 6. Nf3 {[%emt 0:00:02]} Nd7 {[%emt 0:00:01]} 7. Bc4 {[%emt 0:00:24]} e6 {[%emt 0:00:12]} 8. Qe2 {[%emt 0:00:02]} Ngf6 {[%emt 0:00:14]} 9. c3 {[%emt 0:01:04]} Be7 {[%emt 0:00:18]} 10. Ne5 {[%emt 0:00:15]} Nxe5 {[%emt 0:02:39]} 11. dxe5 {[%emt 0:00:03]} Nd7 {[%emt 0:00:10]} 12. O-O {[%emt 0:00:22]} b5 {[%emt 0:01:14]} 13. Bb3 {[%emt 0:00:02]} Nc5 {[%emt 0:00:01]} 14. Rd1 {[%emt 0:00:01]} Qc7 {[%emt 0:00:01]} 15. Bf4 {[%emt 0:00:24]} O-O {[%emt 0:00:33]} 16. Bc2 {[%emt 0:00:19]} Rfd8 {[%emt 0:01:01]} 17. Bxg6 {[%emt 0:00:38]} hxg6 {[%emt 0:00:02]} 18. Ne4 {[%emt 0:00:05]} Nxe4 {[%emt 0:00:20]} 19. Qxe4 {[%emt 0:00:01]} Rd5 {[%emt 0:00:02]} 20. c4 {[%emt 0:00:37]} bxc4 {[%emt 0:01:23]} 21. Qxc4 {[%emt 0:00:02]} Qb6 {[%emt 0:00:09]} 22. Be3 {[%emt 0:01:52]} Qxb2 {[%emt 0:00:09]} 23. Rdb1 {[%emt 0:02:32]} Qxe5 {[%emt 0:00:23]} 24. Qxc6 {[%emt 0:00:02]} Rad8 {[%emt 0:00:36]} 25. g3 {[%emt 0:00:08]} a5 {[%emt 0:00:14]} 26. Re1 {[%emt 0:00:24]} Qf5 {[%emt 0:00:48]} 27. a3 {[%emt 0:00:59]} Kh7 {[%emt 0:01:41]} 28. Qa4 {[%emt 0:00:17]} Rd3 {[%emt 0:00:19]} 29. Bb6 {[%emt 0:00:19]} R8d5 {[%emt 0:00:19]} 30. Ra2 {[%emt 0:00:37]} Rb5 {[%emt 0:01:52]} 31. Be3 {[%emt 0:01:02]} Rbb3 {[%emt 0:00:36]} 32. Qe8 {[%emt 0:00:04]} Bxa3 {[%emt 0:00:49]} 33. Rae2 {[%emt 0:00:15]} Bb4 {[%emt 0:00:42]} 34. Rc1 {[%emt 0:00:10]} Rbc3 {[%emt 0:00:19]} 35. Rxc3 {[%emt 0:01:39]} Bxc3 {[%emt 0:00:03]} 36. Qa4 {[%emt 0:01:52]} Qd5 {[%emt 0:00:16]} 37. f4 {[%emt 0:01:22]} Rxe3 {[%emt 0:00:58]} 38. Rxe3 {[%emt 0:00:10]} Bd4 {[%emt 0:00:01]} 39. Kf2 {[%emt 0:00:08]} Qc5 {[%emt 0:00:02]} 40. Qb3 {[%emt 0:00:35]} a4 {[%emt 0:00:05]} 41. Qxa4 {[%emt 0:00:33]} Bxe3+ {[%emt 0:00:02]} 42. Kf3 {[%emt 0:00:01]} Bg1 {[%emt 0:00:02]} 43. Qe8 {[%emt 0:00:49]} Qd5+ {[%emt 0:00:18]} 44. Ke2 {[%emt 0:00:35]} Qe4+ {[%emt 0:00:03]} 45. Kf1 {[%emt 0:00:14]} Be3 {[%emt 0:00:05]} 0-1